Diccionario práctico chino español
Guardado en:
| Format: | Bog |
|---|---|
| Sprog: | Undetermined |
| Udgivet: |
[Lugar de publicación no identificado]
[Editor no identificaco]
1991
|
| Fag: | |
| Tags: |
Tilføj Tag
Ingen Tags, Vær først til at tagge denne postø!
|
MARC
| LEADER | 00000nam a2200000Ia 4500 | ||
|---|---|---|---|
| 008 | 170316s9999 xx 000 0 und d | ||
| 245 | |a Diccionario práctico chino español | ||
| 260 | |a [Lugar de publicación no identificado] | ||
| 260 | |b [Editor no identificaco] | ||
| 260 | |c 1991 | ||
| 300 | |a 1136 páginas | ||
| 650 | |a REFERENCIA | ||
| 650 | |a DICCIONARIO CHINO - ESPAÑOL | ||
| 999 | |c 30296 |d 30296 | ||
| 040 | |a cru BVZT | ||
| 942 | |c 15 D |2 z | ||
